Score 0/15 Timer 03:00
0 Plays Today
Hint Answer % Correct
A trendy neighbourhood in south BristolBedminster
72.4%
The area around Gloucester RoadBishopston
69.2%
It is one of the big shopping districtsBroadmead
66%
You find it as you travel out on Bath Road past Arnos ValeBrislington
61.6%
A lovely walk with views from Cabot TowerBrandon Hill
50.3%
A town bordered by three motorwaysBradley Stoke
40.7%
A suburb in south BristolBishopsworth
34.9%
Between Henbury and SouthmeadBrentry
33.4%
Hint Answer % Correct
Banksy left his mark in the area this yearBarton Hill
26.5%
Village near Acton TurvilleBadminton
14.8%
A village in South GloucestershireBitton
9%
It is an impressive estateBlaise Castle Estate
8%
Village near RangeworthyBagstone
2.7%
Where an aircraft crashedBritannia Woods
1.3%
Park between the M32 and the Oldbury Court EstateBegbrook Green Park
0.8%
Remove Ads.
Support Sporcle.
Get the best of Sporcle when you Go Orange. This ad-free experience offers more features, more stats, and more fun while also helping to support Sporcle. Thank you for becoming a member.

You're not logged in!

Compare scores with friends on all Sporcle quizzes.
OR
Log In

Show Comments

Extras

Created Jul 6, 2020ReportNominate
Tags:bristol, north, place, Somerset, south

Top Quizzes Today


Score Distribution

Your Account Isn't Verified!

In order to create a playlist on Sporcle, you need to verify the email address you used during registration. Go to your Sporcle Settings to finish the process.

Report this User

Report this user for behavior that violates our Community Guidelines.

Details: